000
00209 a2200097 4500
001
18548
100
_a
Sarhadi, A
245
_a
Hazrat Ali Ibne-Alitalib
260
_a
_b
Sh ghulam Ali
_c
090
_c
13778
_d
13778
942
_a
NUST-CAE
_c
M
_c
4200
999
_c
253621
_d
253621